00492 2200193 4500001002100000005001500021035002000036007000300056008004100059020001800100082000800118084001400126100002400140245005100164260003600215300003200251250000600283990000900289INLIS00000000000000520260413110412 a0010-0426000005ta260413 b 1 ind  a9786231822529 a813 a813 RIR a0 aRirin Astutiningrum1 aAku Pintar Menjaga Diri /cRirin Astutiningrum aJakarta :bBalai Pustaka,c2023 a44 hlm :bill ;c15 x 20 cm a- a2504